Top 15 Länder mit Covid-19-Todesfällen - 7. August - Statistiken

Allgemein
  • Dieses Quiz wurde 13 mal gespielt
  • Das Durchschnittsergebnis liegt bei 13 aus 20
Antwortstatistiken
Land % Korrekt
Vereinigte Staaten
100%
Brasilien
91%
Frankreich
91%
Italien
91%
Mexiko
91%
Russland
91%
Spanien
91%
Indien
73%
Schweden
73%
Belgien
64%
Kolumbien
64%
Niederlande
64%
Vereinigtes Königreich
64%
Chile
55%
Peru
55%
Iran
45%
Irland
45%
Ecuador
27%
Südafrika
27%
Panama
9%
Keine übereinstimmenden Quizze gefunden
Verteilung der Resultate
Anzahl Personen mit jedem Resultat
Perzentil nach korrekt beantworteten Fragen
Ihre Resultats-Entwicklung
Sie haben dieses Quiz noch nicht gespielt